[Event "Championnat de France des Jeunes - Pupi"]
[Site "LA ROCHE SUR YON"]
[Date "2008.04.24"]
[Round "6.7"]
[White "Rei-Rosa, Sophie"]
[Black "Canterel, Cecile"]
[Result "1-0"]
[WhiteElo "1510"]
[BlackElo "1580"]
[Annotator "Salaun,Michel"]
[PlyCount "169"]
[EventDate "2008.04.24"]
[EventType "swiss"]
[EventRounds "6"]
[EventCountry "FRA"]

1. d4 Nf6 2. Bf4 b6 3. e3 Bb7 4. Nf3 e6 5. Bd3 Be7 6. c3 d6 7. Nbd2 Nbd7 8. Qc2
h6 9. e4 c5 10. e5 Nd5 11. Bg3 dxe5 12. dxe5 O-O 13. O-O Kh8 14. Rad1 Qc7 15.
Rfe1 a5 16. a3 Qd8 17. Bb5 Ba6 18. Bxa6 Rxa6 19. Qa4 Qc8 20. Ne4 Ra7 21. c4 Nc7
22. Rxd7 b5 23. Qd1 Re8 24. cxb5 Ra8 25. Rd3 Nxb5 26. a4 Na7 27. Nd6 Bxd6 28.
Rxd6 Rb8 29. Re2 Nc6 30. Rc2 Nb4 31. Rcd2 Nc6 32. Qc2 Nb4 33. Qc4 Rb7 34. Ne1
Rc7 35. Qh4 Kh7 36. Rd8 Rxd8 37. Qxd8 Qxd8 38. Rxd8 Nd5 39. Rb8 Rd7 40. Kf1 Nb4
41. Ke2 c4 42. Rc8 Rd4 43. f3 Na2 44. Nc2 Nc1+ 45. Ke3 Rd3+ 46. Ke4 f5+ 47.
exf6 gxf6 48. Rxc4 Rd5 49. Ke3 Rd3+ 50. Ke4 Rd5 51. Rd4 f5+ 52. Ke3 Nb3 53.
Rxd5 exd5 54. Nd4 Nc5 55. Nxf5 Nxa4 56. b3 Nc5 57. Nd4 Kg6 58. Kf4 Nd3+ 59. Ke3
Nc5 60. Bd6 Nb7 61. Bc7 Kf6 62. Nc6 Nc5 63. Nxa5 d4+ 64. Kd2 Ke6 65. Bb6 Kd5
66. Bxc5 Kxc5 67. f4 Kd6 68. b4 h5 69. f5 Ke5 70. b5 Kxf5 71. b6 h4 72. b7 h3
73. gxh3 d3 74. Kxd3 Kf6 75. b8=Q Ke6 76. Qb5 Kd6 77. Kd4 Ke6 78. Qe5+ Kf7 79.
Qd6 Kg7 80. Ke5 Kh7 81. Kf5 Kg7 82. Qg6+ Kf8 83. Qh7 Ke8 84. Ke6 Kd8 85. Qd7#
1-0

[Event "Championnat de France des Jeunes - Pupi"]
[Site "LA ROCHE SUR YON"]
[Date "2008.04.24"]
[Round "6.9"]
[White "Kancel, Sarah"]
[Black "Mirete, Rita"]
[Result "1-0"]
[WhiteElo "1530"]
[BlackElo "1430"]
[Annotator "Salaun,Michel"]
[PlyCount "141"]
[EventDate "2008.04.24"]
[EventType "swiss"]
[EventRounds "6"]
[EventCountry "FRA"]

1. e4 e5 2. Nf3 Nc6 3. Bb5 d6 4. Nc3 Bd7 5. d3 Be7 6. Be3 Nf6 7. O-O O-O 8. Ne2
Nh5 9. Ng3 Nxg3 10. fxg3 a6 11. Ba4 b5 12. Bb3 Na5 13. Rc1 c6 14. Nd2 Nxb3 15.
cxb3 d5 16. Nf3 Bg4 17. Rxc6 f6 18. Rc2 d4 19. Bf2 Bd6 20. h3 Bxf3 21. Qxf3 Qe8
22. Rfc1 Qg6 23. Rc6 Rfd8 24. Be1 Bf8 25. Ba5 Re8 26. Rc7 Be7 27. R1c6 Bd8 28.
Rd7 Bxa5 29. a3 b4 30. Rd5 Bd8 31. axb4 Be7 32. Ra5 Bxb4 33. Raxa6 Rxa6 34.
Rxa6 Rc8 35. Rb6 Rc1+ 36. Kh2 Bf8 37. Rb8 Rb1 38. Qe2 Qg5 39. Qc2 Qc1 40. Qxc1
Rxc1 41. b4 Kf7 42. b5 Bd6 43. Rb7+ Rc7 44. Rb8 Rc2 45. Rb7+ Rc7 46. Rb8 Ke6
47. b6 Rc5 48. Rb7 Rb5 49. Rxg7 Rxb6 50. Rxh7 Rxb2 51. h4 Rb8 52. h5 f5 53.
Rh6+ Ke7 54. exf5 Kf7 55. Rxd6 Rh8 56. g4 Ke7 57. Re6+ Kf7 58. Rxe5 Kf6 59. Re4
Rd8 60. Kg3 Kg5 61. Re6 Rg8 62. Rg6+ Rxg6 63. fxg6 Kh6 64. Kf4 Kg7 65. Ke4 Kf6
66. Kxd4 Kg7 67. Ke5 Kh8 68. h6 Kg8 69. Kf6 Kh8 70. d4 Kg8 71. h7+ 1-0

[Event "Championnat de France des Jeunes - Pupi"]
[Site "LA ROCHE SUR YON"]
[Date "2008.04.24"]
[Round "6.8"]
[White "Kambrath, Linda"]
[Black "Gaguech, Elisa"]
[Result "1-0"]
[WhiteElo "1570"]
[BlackElo "1490"]
[Annotator "Salaun,Michel"]
[PlyCount "93"]
[EventDate "2008.04.24"]
[EventType "swiss"]
[EventRounds "6"]
[EventCountry "FRA"]

1. e4 c5 2. Nf3 Nc6 3. c3 Nf6 4. d3 d6 5. Be3 e6 6. Be2 Be7 7. Nbd2 Bd7 8. Qc2
b5 9. a3 O-O 10. O-O Qc7 11. b4 Ng4 12. h3 Nxe3 13. fxe3 Qb6 14. bxc5 dxc5 15.
c4 b4 16. Nb3 Bf6 17. Ra2 a5 18. a4 Rab8 19. Rd1 e5 20. Qd2 Rfd8 21. Qe1 Ne7
22. Qg3 Ng6 23. h4 h5 24. Ng5 Bxg5 25. Qxg5 Bg4 26. Bxg4 hxg4 27. Qxg4 Qf6 28.
h5 Nh8 29. Nxa5 b3 30. Rb2 Qa6 31. Nxb3 Qxa4 32. Nxc5 Qa7 33. Rxb8 Rxb8 34. d4
Rd8 35. Qg5 Qa3 36. Qxd8+ Kh7 37. Qg5 f6 38. Qg3 exd4 39. Ne6 Qa7 40. exd4 Qd7
41. d5 (41. Nf8+) 41... Qa7+ 42. Kh2 Qf7 43. c5 Kg8 44. Qg4 Qd7 45. Rb1 Kh7 46.
Ng5+ fxg5 47. Qxd7 1-0

[Event "Championnat de France des Jeunes - Pupi"]
[Site "LA ROCHE SUR YON"]
[Date "2008.04.24"]
[Round "6.10"]
[White "Susini, Lisa"]
[Black "Venet, Clemence"]
[Result "1-0"]
[WhiteElo "1520"]
[BlackElo "1420"]
[Annotator "Salaun,Michel"]
[PlyCount "39"]
[EventDate "2008.04.24"]
[EventType "swiss"]
[EventRounds "6"]
[EventCountry "FRA"]

1. e4 e5 2. Nf3 Nc6 3. Nc3 Nf6 4. d4 exd4 5. Nxd4 Bb4 6. Nxc6 bxc6 7. Bd3 O-O
8. O-O d6 9. h3 Re8 10. Bg5 h6 11. Bh4 d5 12. exd5 cxd5 13. Nxd5 Qxd5 14. Bxf6
gxf6 15. Bh7+ Kxh7 16. Qxd5 Rb8 17. Qxf7+ Kh8 18. Qxe8+ Kh7 19. a3 Bd6 20. Rfe1
1-0

[Event "Championnat de France des Jeunes - Pupi"]
[Site "LA ROCHE SUR YON"]
[Date "2008.04.24"]
[Round "6.7"]
[White "Mirimanian, Haik"]
[Black "Messinger, Karl"]
[Result "1-0"]
[WhiteElo "1832"]
[BlackElo "1715"]
[Annotator "Salaun,Michel"]
[PlyCount "143"]
[EventDate "2008.04.24"]
[EventType "swiss"]
[EventRounds "6"]
[EventCountry "FRA"]

1. d4 Nf6 2. Nf3 e6 3. c4 Bb4+ 4. Bd2 Bxd2+ 5. Nbxd2 Qe7 6. e3 O-O 7. Bd3 d6 8.
Qc2 e5 9. O-O Nbd7 10. b4 Rd8 11. a3 Nf8 12. Rae1 Bg4 13. Ng5 h6 14. Nge4 Nxe4
15. Bxe4 Rab8 16. f4 Bd7 17. f5 f6 18. Bd5+ Kh8 19. Bf3 Nh7 20. Bh5 Be8 21. Qd1
Bxh5 22. Qxh5 Qe8 23. Qg4 Qf7 24. Rf3 Rd7 25. d5 b6 26. h4 Rdd8 27. Ne4 Nf8 28.
Ng3 Nd7 29. Nh5 a6 30. Rg3 Rg8 31. e4 Ra8 32. Rc1 a5 33. b5 Nc5 34. Rcc3 a4 35.
Kf1 Nb3 36. Qg6 Qxg6 37. Rxg6 Nd2+ 38. Ke1 Nxe4 39. Re3 Nc5 40. Reg3 Raf8 41.
Rxg7 Rxg7 42. Rxg7 Nd3+ 43. Ke2 Nf4+ 44. Nxf4 Kxg7 45. Ne6+ Kf7 46. Nxf8 Kxf8
47. Kf3 Kg7 48. Kg4 Kh7 49. Kf3 Kg7 50. Ke4 Kf7 51. Kd3 Kg7 52. Kc3 Kf7 53. Kb4
Kg7 54. Kxa4 Kf7 55. Kb4 Kg7 {(=)} 56. Kc3 Kf7 57. a4 Kg7 58. Kd3 Kf7 59. h5
Kg7 60. g3 Kf7 61. g4 Kg7 62. a5 bxa5 63. c5 a4 64. b6 cxb6 65. cxb6 e4+ 66.
Kc2 a3 67. b7 e3 68. b8=Q e2 69. Kd2 a2 70. Qb2 e1=Q+ 71. Kxe1 a1=Q+ 72. Qxa1
1-0

[Event "Championnat de France des Jeunes - Pupi"]
[Site "LA ROCHE SUR YON"]
[Date "2008.04.24"]
[Round "6.6"]
[White "Viennot, Dylan"]
[Black "Bellahcene, Rayane"]
[Result "1/2-1/2"]
[WhiteElo "1774"]
[BlackElo "1660"]
[Annotator "Salaun,Michel"]
[PlyCount "121"]
[EventDate "2008.04.24"]
[EventType "swiss"]
[EventRounds "6"]
[EventCountry "FRA"]

1. e4 c5 2. Nf3 Nc6 3. Bb5 g6 4. O-O Bg7 5. c3 a6 6. Ba4 b5 7. Bc2 d5 8. exd5
Qxd5 9. Re1 Nf6 10. h3 O-O 11. d3 Rd8 12. Be3 Bf5 13. Nbd2 Bxd3 14. Bxd3 Qxd3
15. Bxc5 e6 16. Nb3 Qxd1 17. Raxd1 Rxd1 18. Rxd1 Nd5 19. Nbd4 Nxd4 20. Bxd4
Bxd4 21. Rxd4 Rc8 22. Kf1 Kf8 23. Ke2 Ke7 24. Kd3 Rd8 25. g3 f6 26. Ke4 Kd6 27.
Ne1 f5+ 28. Kf3 e5 29. Rd1 e4+ 30. Ke2 Ke5 31. Nc2 f4 32. Nb4 f3+ 33. Ke1 Rd6
34. Rxd5+ Rxd5 35. Nxd5 Kxd5 36. Kd2 g5 37. Ke3 Ke5 38. h4 h6 39. hxg5 hxg5 40.
g4 a5 41. b3 a4 42. c4 bxc4 43. bxc4 a3 44. c5 Kd5 45. c6 Kxc6 46. Kxe4 Kc5 47.
Kxf3 (47. Kf5) 47... Kc4 48. Ke4 Kc3 49. f4 gxf4 50. g5 f3 51. Kxf3 Kb2 52. g6
Kxa2 53. g7 Kb1 54. g8=Q a2 {(=)} 55. Qb3+ Ka1 56. Qc3+ Kb1 57. Qb4+ Ka1 {(=)}
58. Qe1+ Kb2 59. Qd2+ Kb1 60. Ke3 a1=Q 61. Qd3+ {(=)} 1/2-1/2

[Event "Championnat de France des Jeunes - Pupi"]
[Site "LA ROCHE SUR YON"]
[Date "2008.04.24"]
[Round "6.8"]
[White "Kambrath, Yannick"]
[Black "Sarafian, Thomas"]
[Result "1-0"]
[WhiteElo "1670"]
[BlackElo "1830"]
[Annotator "Salaun,Michel"]
[PlyCount "47"]
[EventDate "2008.04.24"]
[EventType "swiss"]
[EventRounds "6"]
[EventCountry "FRA"]

1. d4 Nf6 2. c4 g6 3. Nf3 Bg7 4. Bf4 O-O 5. e3 d6 6. h3 Nc6 7. Be2 Qe8 8. O-O
e5 9. Bh2 Qe7 10. Nc3 a6 11. a3 Nd7 12. b4 f5 13. Rc1 Nf6 14. b5 exd4 15. exd4
Nb8 16. Re1 Ne4 17. Nd5 Qd8 18. Bd3 c6 19. Nc3 d5 20. bxc6 bxc6 21. cxd5 cxd5
22. Nxd5 Bb7 23. Nc7 Bxd4 24. Bc4+ 1-0

[Event "Championnat de France des Jeunes - Pupi"]
[Site "LA ROCHE SUR YON"]
[Date "2008.04.24"]
[Round "6.9"]
[White "Karcenty, Louis"]
[Black "Balagny-Carbuccia, Nicolas"]
[Result "0-1"]
[WhiteElo "1650"]
[BlackElo "1810"]
[Annotator "Salaun,Michel"]
[PlyCount "112"]
[EventDate "2008.04.24"]
[EventType "swiss"]
[EventRounds "6"]
[EventCountry "FRA"]

1. Nf3 Nf6 2. c4 b6 3. g3 Bb7 4. Bg2 c5 5. Nc3 g6 6. e3 Bg7 7. O-O O-O 8. d4
cxd4 9. exd4 d5 10. cxd5 Nxd5 11. Nxd5 Bxd5 12. Be3 Nc6 13. Rc1 Rc8 14. Qa4
Bxf3 15. Bxf3 Nxd4 16. Bg4 Rxc1 17. Rxc1 f5 18. Rd1 e5 19. Bh3 b5 20. Rxd4 bxa4
21. Rxd8 Rxd8 22. Bxa7 {(=)} Rd1+ 23. Bf1 {(=)} Rb1 24. b3 axb3 25. axb3 Kh8
26. Kg2 Rxb3 27. Be3 {(=)} h6 28. h4 Kh7 29. Kf3 g5 30. hxg5 hxg5 31. Kg2 Kg6
32. Bc4 Rc3 33. Bd5 {(=)} Bf8 34. g4 {(=)} Bc5 35. Bxc5 Rxc5 36. Be6 fxg4 37.
Bxg4 Rc4 38. Be2 {(=)} Rf4 39. f3 {(=)} Kf6 40. Kg3 Ke6 41. Bd1 Kd5 42. Bb3+
Kd4 43. Ba4 Kd3 44. Bc6 {(=)} Ke2 45. Bb5+ Kd1 46. Bc6 {(=)} Rc4 47. Bd5 Rd4
48. Bc6 Kd2 49. Bb7 {(=)} Rf4 50. Bc6 {(=)} Ke3 51. Bb7 Rb4 52. Bc6 g4 53. fxg4
e4 54. g5 Kd2 55. g6 e3 56. g7 Rb8 0-1

[Event "Championnat de France des Jeunes - Pupi"]
[Site "LA ROCHE SUR YON"]
[Date "2008.04.24"]
[Round "6.10"]
[White "Becache, Matthias"]
[Black "Eid, Amine"]
[Result "1/2-1/2"]
[WhiteElo "1620"]
[BlackElo "1797"]
[Annotator "Salaun,Michel"]
[PlyCount "97"]
[EventDate "2008.04.24"]
[EventType "swiss"]
[EventRounds "6"]
[EventCountry "FRA"]

1. e4 c5 2. Nf3 g6 3. d4 cxd4 4. Nxd4 Bg7 5. Nc3 Nc6 6. Be3 Nf6 7. f3 O-O 8.
Bc4 d6 9. Qd2 Bd7 10. h4 Qa5 11. Bb3 Rfc8 12. O-O-O Ne5 13. h5 Nc4 14. Bxc4
Rxc4 15. hxg6 fxg6 16. g4 Rac8 17. Bh6 Rf8 18. Bxg7 Kxg7 19. Qh6+ Kg8 20. Nd5
Rf7 21. Nc3 b5 22. Nb3 Qc7 23. Rd4 b4 24. Rxc4 Qxc4 25. Nd1 Qc7 26. Nf2 a5 27.
Nd3 a4 28. Nd2 Qb6 29. a3 bxa3 30. bxa3 Qd4 31. Nf4 Rg7 32. Ne2 Qc5 33. Nb1 e5
34. Nec3 Bc6 35. Qd2 Rb7 36. Rf1 Rd7 37. Rd1 d5 38. exd5 Nxd5 39. Nxd5 Rxd5 40.
Qe2 Rxd1+ 41. Kxd1 Qg1+ 42. Kd2 Qd4+ 43. Kc1 Kg7 44. Nd2 {(=)} Qa1+ 45. Nb1 Bd5
46. c3 Ba2 47. Qxe5+ Kg8 48. Qe8+ Kg7 49. Qe5+ {(=)} 1/2-1/2

[Event "Championnat de France des Jeunes - Mini"]
[Site "LA ROCHE SUR YON"]
[Date "2008.04.20"]
[Round "1.6"]
[White "Auvray, Juliette"]
[Black "Generet, Elise"]
[Result "1-0"]
[WhiteElo "1890"]
[BlackElo "1530"]
[Annotator "Salaun,Michel"]
[PlyCount "33"]
[EventDate "2008.04.24"]
[EventType "swiss"]
[EventRounds "6"]
[EventCountry "FRA"]

1. e4 e5 2. Nf3 Nc6 3. Nc3 Nf6 4. d4 exd4 5. Nxd4 Bc5 6. Nxc6 dxc6 7. Qxd8+
Kxd8 8. Bg5 Be7 9. O-O-O+ Nd7 10. Bf4 Bc5 11. f3 Bb6 12. Bc4 Ke7 13. Rhe1 Rd8
14. e5 Nc5 15. Bg5+ f6 16. exf6+ Kf8 17. Rxd8# 1-0

[Event "Championnat de France des Jeunes - Mini"]
[Site "LA ROCHE SUR YON"]
[Date "2008.04.20"]
[Round "1.10"]
[White "Klipper, Noemie"]
[Black "Thiberge, Audrey"]
[Result "1-0"]
[WhiteElo "1831"]
[BlackElo "1450"]
[Annotator "Salaun,Michel"]
[PlyCount "79"]
[EventDate "2008.04.24"]
[EventType "swiss"]
[EventRounds "6"]
[EventCountry "FRA"]

1. d4 d5 2. c4 c6 3. Nc3 Nf6 4. Nf3 b6 5. Bf4 Nbd7 6. cxd5 cxd5 7. Nb5 e5 8.
dxe5 Bb4+ 9. Bd2 Bxd2+ 10. Qxd2 Ne4 11. Qxd5 Bb7 12. Qxb7 Nxe5 13. Qxe4 f6 14.
Rd1 Qe7 15. Qxa8+ Kf7 16. Nxe5+ Qxe5 17. Qd5+ Qxd5 18. Rxd5 a6 19. Nc3 Rc8 20.
e4 b5 21. a3 g5 22. Rd6 Rb8 23. Rxa6 b4 24. Bc4+ Ke7 25. axb4 Kd7 26. Bb5+ Ke7
27. Nd5+ Kf7 28. Rxf6+ Kg7 29. Rb6 Rc8 30. Kd2 Rf8 31. Ke3 Rf7 32. Rc1 Kg8 33.
Rcc6 Kf8 34. Rf6 Rxf6 35. Rxf6+ Kg8 36. Bc4 Kg7 37. e5 h5 38. Ne7 Kh7 39. Nf5
Kh8 40. Rh6# 1-0

[Event "Championnat de France des Jeunes - Mini"]
[Site "LA ROCHE SUR YON"]
[Date "2008.04.20"]
[Round "1.9"]
[White "Malosse, Marie-Cecile"]
[Black "Uhl, Sarah"]
[Result "0-1"]
[WhiteElo "1450"]
[BlackElo "1850"]
[Annotator "Salaun,Michel"]
[PlyCount "72"]
[EventDate "2008.04.24"]
[EventType "swiss"]
[EventRounds "6"]
[EventCountry "FRA"]

1. e4 c5 2. Nc3 Nc6 3. Bc4 e6 4. Nf3 d6 5. d4 cxd4 6. Nxd4 Nf6 7. Be3 Be7 8.
Qe2 a6 9. O-O-O Qc7 10. a3 O-O 11. Kb1 Na5 12. Bb3 Nxb3 13. Nxb3 b5 14. Bd4 Bb7
15. Rd3 e5 16. Be3 Nxe4 17. Qg4 Nf6 18. Qg3 Kh8 19. Qh3 Rac8 20. Bd2 d5 21. Rc1
d4 22. Nxd4 exd4 23. Rxd4 Rfd8 24. Rd3 Ne4 25. Nxe4 Bxe4 26. Rc3 Qb7 27. Qh5
Bg6 28. Qe5 Bf6 29. Qg3 Rxd2 30. Qe3 Bxc3 31. bxc3 Rdd8 32. g3 Qc7 33. f4 Qxc3
34. Qe7 Bxc2+ 35. Rxc2 Qxc2+ 36. Ka1 Rd1# 0-1

[Event "Championnat de France des Jeunes - Mini"]
[Site "LA ROCHE SUR YON"]
[Date "2008.04.20"]
[Round "1.7"]
[White "Girod, Sarah"]
[Black "De Seroux, Camille"]
[Result "0-1"]
[WhiteElo "1480"]
[BlackElo "1867"]
[Annotator "Salaun,Michel"]
[PlyCount "66"]
[EventDate "2008.04.24"]
[EventType "swiss"]
[EventRounds "6"]
[EventCountry "FRA"]

1. e4 c5 2. Nf3 d6 3. d4 cxd4 4. Nxd4 Nf6 5. Nc3 g6 6. Bd3 Bg7 7. Bd2 Nxe4 8.
Nde2 Nxd2 9. Qxd2 Nc6 10. O-O O-O 11. Rfe1 Ne5 12. Be4 Rb8 13. Ng3 Nc4 14. Qc1
Qa5 15. Nd5 Bxb2 16. Nxe7+ Kg7 17. Ngf5+ Bxf5 18. Nxf5+ gxf5 19. Qg5+ Kh8 20.
Rab1 fxe4 21. Qxa5 Nxa5 22. Rxb2 Nc4 23. Rb4 d5 24. Rb5 Rfd8 25. Rd1 d4 26. Rf5
Rd7 27. Rf4 Re8 28. c3 d3 29. f3 e3 30. Rxc4 e2 31. Rb1 d2 32. Kf2 e1=Q+ 33.
Rxe1 dxe1=Q# 0-1

[Event "Championnat de France des Jeunes - Mini"]
[Site "LA ROCHE SUR YON"]
[Date "2008.04.20"]
[Round "1.8"]
[White "Kohi, Camilla"]
[Black "Scherno, Catherine"]
[Result "1-0"]
[WhiteElo "1855"]
[BlackElo "1480"]
[Annotator "Salaun,Michel"]
[PlyCount "57"]
[EventDate "2008.04.24"]
[EventType "swiss"]
[EventRounds "6"]
[EventCountry "FRA"]

1. d4 d5 2. c4 c6 3. Nf3 e6 4. Nc3 Bd6 5. e3 f5 6. Bd3 Nf6 7. O-O O-O 8. a3 Bd7
9. b4 Be8 10. h3 a6 11. Nd2 Nbd7 12. f3 Bf7 13. e4 e5 14. exd5 exd4 15. Ne2
cxd5 16. c5 Bc7 17. Nxd4 g6 18. N2b3 Ne5 19. Bb2 Re8 20. Rc1 Qd7 21. Qc2 Nc6
22. Nxf5 Nh5 23. Nh6+ Kf8 24. Ng4 Qc8 25. Rfe1 Rb8 26. Qc3 Qd7 27. Qh8+ Bg8 28.
Nh6 Ne7 29. Bf6 1-0

[Event "Championnat de France des Jeunes - Mini"]
[Site "LA ROCHE SUR YON"]
[Date "2008.04.20"]
[Round "1.7"]
[White "Martin, Cedric"]
[Black "Fantinel, Thibault"]
[Result "1-0"]
[WhiteElo "2125"]
[BlackElo "1881"]
[Annotator "Salaun,Michel"]
[PlyCount "99"]
[EventDate "2008.04.24"]
[EventType "swiss"]
[EventRounds "6"]
[EventCountry "FRA"]

1. e4 c5 2. Nf3 e6 3. d4 cxd4 4. Nxd4 Nc6 5. Nb5 d6 6. c4 Nf6 7. N1c3 a6 8. Na3
Be7 9. Be2 O-O 10. Be3 b6 11. O-O Bb7 12. f3 Rc8 13. Qb3 Nd7 14. Rfd1 Na5 15.
Qc2 Qc7 16. Rac1 Qb8 17. Qd2 Nc6 18. Na4 Ba8 19. b4 Rfd8 20. Rb1 Nce5 21. Rdc1
Bc6 22. Nc3 Nf6 23. Qd4 Ned7 24. Bf2 Ne8 25. Qe3 Nc7 26. Nc2 e5 27. h4 b5 28.
Nd5 Bf8 29. Nxc7 Rxc7 30. Qb3 Nb6 31. Ne3 Rdc8 32. cxb5 axb5 33. Rc2 Bd7 34.
Rbc1 Be6 35. Qb1 Nc4 36. Nxc4 Bxc4 37. Bxc4 bxc4 38. b5 d5 39. exd5 Bc5 40. a4
Qb6 41. Qa2 Bxf2+ 42. Rxf2 Qc5 43. Rd1 Rd8 44. Kh1 Rxd5 45. Rxd5 Qxd5 46. Rd2
Qa8 47. b6 Rc5 48. a5 c3 49. Rd7 Qe8 50. Rc7 1-0

[Event "Championnat de France des Jeunes - Mini"]
[Site "LA ROCHE SUR YON"]
[Date "2008.04.20"]
[Round "1.6"]
[White "Duboue, Peio"]
[Black "Ludwig, Remi"]
[Result "1/2-1/2"]
[WhiteElo "1882"]
[BlackElo "2136"]
[Annotator "Salaun,Michel"]
[PlyCount "45"]
[EventDate "2008.04.24"]
[EventType "swiss"]
[EventRounds "6"]
[EventCountry "FRA"]

1. e4 e6 2. d4 d5 3. Nc3 Bb4 4. e5 c5 5. a3 Bxc3+ 6. bxc3 Ne7 7. Qg4 Qc7 8.
Qxg7 Rg8 9. Qxh7 cxd4 10. Ne2 Nbc6 11. f4 Bd7 12. Bd2 dxc3 13. Nxc3 a6 14. Rb1
Na5 15. Qd3 Nf5 16. g4 Ne7 17. Be2 Nc4 18. Rb3 Nc6 19. Ne4 O-O-O 20. Nd6+ Nxd6
21. exd6 Qxd6 22. Qxa6 bxa6 23. Bxa6+ 1/2-1/2

[Event "Championnat de France des Jeunes - Mini"]
[Site "LA ROCHE SUR YON"]
[Date "2008.04.20"]
[Round "1.10"]
[White "Touzeau, Maxime"]
[Black "Lallement, Victor"]
[Result "1/2-1/2"]
[WhiteElo "1879"]
[BlackElo "2093"]
[Annotator "Salaun,Michel"]
[PlyCount "117"]
[EventDate "2008.04.24"]
[EventType "swiss"]
[EventRounds "6"]
[EventCountry "FRA"]

1. d4 Nf6 2. Nf3 c5 3. d5 b5 4. c4 Bb7 5. Nc3 b4 6. Na4 d6 7. b3 g6 8. Bb2 Bg7
9. Qc2 O-O 10. e4 Nbd7 11. h3 e6 12. Be2 exd5 13. exd5 Nh5 14. O-O Nf4 15. Rfe1
Bxb2 16. Nxb2 Qf6 17. Nd3 Rfe8 18. Nxf4 Qxf4 19. Bd3 Ne5 20. Nxe5 Rxe5 21. Rxe5
Qxe5 22. Rd1 Re8 23. a3 a5 24. axb4 axb4 25. Qa2 Ra8 26. Qe2 Qf6 27. Qc2 {(=)}
Bc8 28. Rb1 Ra3 29. Qb2 Kg7 30. f4 h6 31. Kf2 Qxb2+ 32. Rxb2 Kf6 33. g4 g5 34.
Kf3 {(=)} Ra1 35. Bb1 Bd7 36. Ke3 Bc8 37. Kf3 Ba6 38. Ke3 Ra3 39. Bd3 Bc8 40.
Kf3 Bd7 41. Ke3 Ra8 42. Kf3 h5 43. Kg3 Rh8 44. Be2 hxg4 45. Bxg4 Bxg4 46. hxg4
gxf4+ 47. Kxf4 Rh3 48. g5+ Kg6 49. Kg4 Rd3 50. Rf2 Rxb3 51. Rf6+ Kg7 52. Rxd6
Rc3 53. Rb6 Rxc4+ 54. Kf5 Kf8 55. Rb7 Ke8 56. Ke5 Rg4 57. Kd6 Kf8 58. Kxc5 Rxg5
59. Rxb4 1/2-1/2

[Event "Championnat de France des Jeunes - Mini"]
[Site "LA ROCHE SUR YON"]
[Date "2008.04.20"]
[Round "1.8"]
[White "Hauet, Thomas"]
[Black "Graca, Robert"]
[Result "0-1"]
[WhiteElo "1880"]
[BlackElo "2103"]
[Annotator "Salaun,Michel"]
[PlyCount "92"]
[EventDate "2008.04.24"]
[EventType "swiss"]
[EventRounds "6"]
[EventCountry "FRA"]

1. e4 c5 2. Nf3 d6 3. d4 cxd4 4. Nxd4 Nf6 5. Nc3 Nc6 6. Be3 Ng4 7. Qd2 Nxe3 8.
Qxe3 g6 9. Bc4 Bg7 10. Nde2 O-O 11. O-O Bd7 12. Rad1 Rc8 13. Kh1 Qa5 14. Rd5
Qb6 15. Qxb6 axb6 16. Bb3 Na5 17. Ba4 Bc6 18. Bxc6 bxc6 19. Rd3 b5 20. b3 Nb7
21. a4 Nc5 22. Re3 bxa4 23. Nxa4 Nxa4 24. bxa4 Ra8 25. Ra3 Rfb8 26. c3 Rb2 27.
Re1 Kf8 28. f3 Ke8 29. Kg1 Kd7 30. Kf1 Kc7 31. Rea1 Kb6 32. Nc1 c5 33. Nd3 Rc2
34. Rb1+ Ka7 35. Rc1 Rxc1+ 36. Nxc1 Rb8 37. Nd3 Rb1+ 38. Ke2 Ka6 39. Kd2 Ka5
40. Ne1 Bh6+ 41. Ke2 Rb2+ 42. Kd3 e6 43. c4 Rd2+ 44. Kc3 Re2 45. Nd3 Rxg2 46.
Nb2 Bg7+ 0-1

[Event "Championnat de France des Jeunes - Mini"]
[Site "LA ROCHE SUR YON"]
[Date "2008.04.21"]
[Round "2.6"]
[White "Thuret, Marine"]
[Black "Auvray, Juliette"]
[Result "1-0"]
[WhiteElo "1765"]
[BlackElo "1890"]
[Annotator "Salaun,Michel"]
[PlyCount "89"]
[EventDate "2008.04.24"]
[EventType "swiss"]
[EventRounds "6"]
[EventCountry "FRA"]

1. e4 d5 2. d4 c6 3. Nc3 dxe4 4. Nxe4 Nd7 5. Bc4 Ngf6 6. Ng3 e6 7. N1e2 Bd6 8.
c3 O-O 9. O-O Qc7 10. h3 b5 11. Bd3 Bb7 12. Be3 a6 13. Ne4 Nxe4 14. Bxe4 Nf6
15. Qc2 h6 16. Rad1 Rac8 17. Bd3 Rfe8 18. Qc1 c5 19. f3 Nd5 20. Bf2 Nf4 21.
Nxf4 Bxf4 22. Qb1 Bd6 23. Be4 c4 24. Qc1 a5 25. Be3 b4 26. Kh1 Ba6 27. g4 Rb8
28. Rg1 bxc3 29. bxc3 Rb5 30. g5 h5 31. g6 f6 32. d5 Bc8 33. Qd2 Ba3 34. Bf4 e5
35. Bh2 Rb2 36. Qe1 Qd7 37. Rg3 h4 38. Rg4 f5 39. Rg5 fxe4 40. Rg4 exf3 41.
Qxh4 Qc7 42. Qh7+ Kf8 43. Qh8+ Ke7 44. Qxg7+ Kd8 45. Qxc7+ 1-0

[Event "Championnat de France des Jeunes - Mini"]
[Site "LA ROCHE SUR YON"]
[Date "2008.04.20"]
[Round "1.9"]
[White "Dubessay, Bastien"]
[Black "Wozniak, Julien"]
[Result "1-0"]
[WhiteElo "2097"]
[BlackElo "1880"]
[Annotator "Salaun,Michel"]
[PlyCount "45"]
[EventDate "2008.04.24"]
[EventType "swiss"]
[EventRounds "6"]
[EventCountry "FRA"]

1. d4 d5 2. c4 e6 3. Nc3 c5 4. cxd5 exd5 5. g3 Nf6 6. Bg5 Be7 7. Nf3 O-O 8. Bg2
Be6 9. O-O Ne4 10. Bxe7 Qxe7 11. Qc2 f5 12. Rac1 Nc6 13. dxc5 Nb4 14. Qa4 a5
15. Nd4 Nxc5 16. Qd1 Ne4 17. a3 Nc6 18. Nxe6 Qxe6 19. Qxd5 Qxd5 20. Nxd5 Rfd8
21. Rfd1 Rd6 22. Bxe4 fxe4 23. Ne7+ 1-0

[Event "Championnat de France des Jeunes - Mini"]
[Site "LA ROCHE SUR YON"]
[Date "2008.04.21"]
[Round "2.7"]
[White "De Seroux, Camille"]
[Black "Durot, Edwige"]
[Result "1/2-1/2"]
[WhiteElo "1867"]
[BlackElo "1757"]
[Annotator "Salaun,Michel"]
[PlyCount "94"]
[EventDate "2008.04.24"]
[EventType "swiss"]
[EventRounds "6"]
[EventCountry "FRA"]

1. e4 c5 2. Nf3 e6 3. d4 cxd4 4. Nxd4 a6 5. Nc3 Qc7 6. Bd3 Nc6 7. Nxc6 dxc6 8.
O-O e5 9. f4 Bd6 10. f5 Bc5+ 11. Kh1 Nf6 12. Qf3 b5 13. a4 b4 14. Nd1 a5 15.
Qg3 Rg8 16. Be3 Bxe3 17. Qxe3 Ba6 18. Bxa6 Rxa6 19. c3 c5 20. Qd3 Rb6 21. Ne3
Qd7 22. Qc2 b3 23. Qb1 Qc7 24. Nc4 Rb8 25. Re1 Ke7 {(=)} 26. Qd1 Rgd8 27. Qf3
Nd7 28. Qg3 Kf8 29. Qh4 Kg8 {(=)} 30. Re3 f6 31. Rh3 Nf8 32. Qe1 Ra8 33. Ne3 c4
34. Nd5 Qc5 35. Qg3 Kh8 36. Qh4 Ra6 37. Qg3 Rd7 38. Qe3 Qxe3 39. Rxe3 Rad6 40.
Re2 g6 41. Rf2 Kg7 42. Raf1 g5 43. Rd2 h5 44. Rfd1 Nh7 45. Kg1 g4 46. Kf2 Ng5
47. Ke3 Kf7 {(=)} 1/2-1/2

[Event "Championnat de France des Jeunes - Mini"]
[Site "LA ROCHE SUR YON"]
[Date "2008.04.21"]
[Round "2.10"]
[White "Lemaitre, Delphine"]
[Black "Klipper, Noemie"]
[Result "1-0"]
[WhiteElo "1724"]
[BlackElo "1831"]
[Annotator "Salaun,Michel"]
[PlyCount "89"]
[EventDate "2008.04.24"]
[EventType "swiss"]
[EventRounds "6"]
[EventCountry "FRA"]

1. e4 c5 2. Nf3 g6 3. d4 cxd4 4. Nxd4 Nc6 5. Nxc6 bxc6 6. Nc3 Bg7 7. Bd2 Nf6 8.
Bd3 O-O 9. O-O d5 10. Rb1 Qc7 11. Re1 d4 12. Na4 c5 13. e5 Nd7 14. f4 Bb7 15.
c4 Nb6 16. Nxb6 axb6 17. a3 Rae8 18. Qg4 Bc8 19. Qg3 e6 20. b4 f6 21. h4 fxe5
22. fxe5 Kh8 23. Qh2 Qf7 24. Rf1 Qg8 25. h5 gxh5 26. Qxh5 Bd7 27. g4 Re7 28.
Rxf8 Bxf8 29. Bg5 Be8 30. Qh4 Ra7 31. bxc5 bxc5 32. Rb8 Qf7 33. Bf6+ Kg8 34.
Qg5+ Bg7 35. Qxg7+ Qxg7 36. Bxg7 Rxg7 37. Rxe8+ Kf7 38. Rc8 Rxg4+ 39. Kf2 h5
40. Rxc5 h4 41. Rb5 h3 42. Rb1 Rg2+ 43. Kf3 Ra2 44. Rh1 Rxa3 45. Ke4 1-0